Umělá inteligence v moderním policejním systému: Potenciál, přínosy a výzvy

Vyvážený pohľad na možnosti a limity integrácie umelej inteligencie do policajného prostredia s dôrazom na etiku, transparentnosť a zodpovednosť.

Saved in:
Bibliographic Details
Main Author: Vilím, Lukáš
Format: Book Chapter
Language:Czech
Subjects:
Tags: Add Tag
No Tags, Be the first to tag this record!

MARC

LEADER 00000naa a2200000 4500
001 0312700
005 20251009092923.2
041 0 |a cze 
044 |a CZ 
245 1 0 |a Umělá inteligence v moderním policejním systému: Potenciál, přínosy a výzvy  |c Lukáš Vilím 
520 |a Vyvážený pohľad na možnosti a limity integrácie umelej inteligencie do policajného prostredia s dôrazom na etiku, transparentnosť a zodpovednosť. 
610 2 0 |a inteligencia umelá 
610 2 0 |a polícia 
610 2 0 |a činy trestné 
610 2 0 |a veda forenzná 
610 2 0 |a automatizácia 
100 1 |a Vilím, Lukáš